Представление документа в формате RUSMARC

ПолеНазваниеЗначение
  Тип записи c
  Библиографический уровень m
001 Контрольный номер UONB/MAIN/b2dd9dd07f904d9d8333eb04a77dbe13
005 Дата корректировки 20251205160039.9
010 Индекс ISBN __
9 Тираж 14000 экз.
013 Номер (ISMN) __
d Цена 45 к.
071 Издательские номер (звукозапись и ноты) 21
a Номер, присвоенный агентством 6466
100 Данные общей обработки __
a Данные общей обработки 20231101g1983 u y0rusy0189 ca
101 Язык документа 0_
a Язык текста rus
f Язык титульного листа rus
102 Страна публикации __
a Страна публикации RU
125 Кодированные данные звукозаписи и нотных изданий __
a Форма изложения нотного текста z
128 Кодированные данные (звукозаписи-физические характеристики) __
a Кодированные данные: Музыкальная форма и тональность или лад zz
c Инструменты или голоса, рекомендуемые для солистов (устаревшее) tb
200 Заглавие и сведения об ответственности 1_
a Заглавие Выпуск 25
f Первые сведения об ответственности составитель В. Максименко
203 Вид содержания и тип средства __
a Вид содержания Музыка
b Характеристика содержания знаковая
c Тип средства непосредственная
210 Выходные данные 1_
d Дата издания 1983
215 Физическое описание __
a Объем 32 с. включ. обл.
327 Примечание о содержании 11
a Примечание о содержании Содерж. : Прокофьев С. Марш. - Эшпай А. Русская хороводная. - Парцхаладзе М. Две пьесы : Танец ; Чонгури. - Адлер Е. Одиночество / исполн. ред. П. Вещицкого. - Наймушин Ю. Плясовая. - Кошкин Н. Серенада из "Испанской сюиты". - Чайковский П. Апрель. Подснежник. - Ребиков В. Дервиш. - Максименко В. Ручеек : этюд. - Дубовицкий В. Колокола. - Григ Э. Песня сторожа. - Шопен Ф. Траурный марш. - Аблениц М. Каприччио № 1. - Аллен Л. Восточная мелодия / исполн. ред. В. Дубовицкого. - Телеман Г. Фантазия. - Не шуми, зеленая дубравушка : рус. нар. песня / обраб. Е. Ботярова. - Ботяров Е. На лодке.
461 Уровень набора _0
1 2001
a Репертуар гитариста
b Ноты
e шестиструнная гитара
e [с сопровождением фортепиано и без сопровождения]
v Вып. 25
1 2101
a Москва
c Музыка
d 1966 -
1 001UONB/MAIN/70589ceb1d0c42ce83a9343d42e6c8d0
1 215
d 29 см
464 Аналитический уровень _0
1 700 1
a Прокофьев
b С.
1 2001
a Марш
464 Аналитический уровень _0
1 700 1
a Эшпай
b А.
1 2001
a Русская хороводная
464 Аналитический уровень _0
1 700 1
a Парцхаладзе
b М.
1 2001
a Танец
464 Аналитический уровень _0
1 700 1
a Парцхаладзе
b М.
1 2001
a Чонгури
464 Аналитический уровень _0
1 700 1
a Адлер
b Е.
1 702 1
a Вещицкий
b П.
4 340
1 2001
a Одиночество
464 Аналитический уровень _0
1 700 1
a Наймушин
b Ю.
1 2001
a Плясовая
464 Аналитический уровень _0
1 700 1
a Кошкин
b Н.
1 2001
a Серенада
e из "Испанской сюиты"
1 50010
a Испанская сюита
i Серенада
464 Аналитический уровень _0
1 700 1
a Чайковский
b П.
1 2001
a Апрель. Подснежник
464 Аналитический уровень _0
1 700 1
a Ребиков
b В.
1 2001
a Дервиш
464 Аналитический уровень _0
1 700 1
a Максименко
b В.
1 2001
a Ручеек
e этюд
464 Аналитический уровень _0
1 700 1
a Дубовицкий
b В.
1 2001
a Колокола
464 Аналитический уровень _0
1 700 1
a Григ
b Э.
1 2001
a Песня сторожа
464 Аналитический уровень _0
1 700 1
a Шопен
b Ф.
1 2001
a Траурный марш
464 Аналитический уровень _0
1 700 1
a Аблениц
b М.
1 2001
a Каприччио № 1
464 Аналитический уровень _0
1 700 1
a Аллен
b Л.
1 702 1
a Дубовицкий
b В.
4 340
1 2001
a Восточная мелодия
464 Аналитический уровень _0
1 700 1
a Телеман
b Г.
1 2001
a Фантазия
464 Аналитический уровень _0
1 702 1
a Ботяров
b Е.
4 030
1 2001
a Не шуми, зеленая дубравушка
e рус. нар. песня
464 Аналитический уровень _0
1 700 1
a Ботяров
b Е.
1 2001
a На лодке
512 Заглавие обложки 1_
a Заглавие обложки Репертуар гитариста
606 Тематические рубрики 0_
a Основная рубрика Гитара шестиструнная
x Основная подрубрика Репертуар
610 Ключевые слова 0_
a Ключевые слова гитара шестиструнная; репертуар
686 Индексы других классификаций __
a Классификационный индекс 85.956.41я43
2 Код системы rubbk
702 Вторичная интеллектуальная ответственность _1
a Фамилия Максименко
b Имя (инициалы) В.
4 Код отношения 220
801 Источник записи _0
a Страна RU
b Организация Ульяновская ОНБ
c Дата составления 20231101
g Правила каталогизации RCR
801 Источник записи _1
a Страна RU
b Организация Ульяновская ОНБ
c Дата составления 20231101
g Правила каталогизации RCR
901 Тип документа __
t Тип документа n
w Контрольный № источника UONB/MAIN/70589ceb1d0c42ce83a9343d42e6c8d0
909 Создатель записи __
a Создатель записи Грязнова И. Е.